000 00581nam a2200169 i 4500
001 46580
003 ES-MaACL
005 20230906161418.0
007 t|
008 030331s1882 it ||||1| fre d
111 _aCongrés Géologique International (
_n2º.
_d1881.
_cBologne)
_9239
245 1 0 _aCongrés Geologique International
_b: compte rendu de la 2ème session.
260 _aBologna :
_b[s.n.,
_c1882] (
_fImp. Fava et Garagnant)
300 _aXIV, 661 p., 16 lám. :
_bil. ;
_c25 cm.
650 4 _aGeología-
_vCongresos y asambleas.
_9157312
852 _aES-MaACL
_jG-1450
999 _c46580
_d46580